000 01146nas a2200373 4500
001 BR2013007965
003 BR-BrBNA
005 20231205123034.0
007 ta
008 230509b bl.|||p| |||| 00| 00por d
040 _aBR-BrBNA
_bpor
_cBiblioteca Nacional de Agricultura
041 _a(Pt)
072 _aH50
100 1 _aBresolin, A.P.S.
100 1 _aCastro, C.M.
100 1 _aMittelmann, A.
100 1 _aOliveira, A.C. de
100 1 _aMistura, C.C.
100 1 _aAhlert, R.J.
100 1 _aFarias, D. da R.
100 1 _aLuz, V.K. da
100 1 _aSilva, V.N.
245 1 _aResposta de populações de azevém anual ao alumínio tóxico em condições hidropônicas
246 1 _aResponse of Italian ryegrass populations to aluminum toxicity in hydroponic conditions
650 _aAZEVÉM
650 _aCULTIVO HIDROPÔNICO
650 _aALUMÍNIO
650 _aTOXIDEZ
650 _aSOLO
773 0 _tMagistra (Brazil)
_xISSN 2236-4420
_g(Oct-Dec 2012), v. 24(4) p. 332-340
_wBR2013007965
856 4 0 _dLink DSPACE/MAPA BR2013007965
909 _a202311
_bLúcia
_c55
_dLúcia Elande
942 _2AGRIS
_n0
_cANA
999 _c231892
_d231892